معجم ألفاظ القرآن الكريم : ( vol. 1) (Record no. 6642)
[ view plain ]
| 000 -الفاتح | |
|---|---|
| حقل البيانات ثابتة الطول | 00868nac a22002051u 4500 |
| 008 - عناصر البيانات ثابتة الطول - معلومات عامة | |
| حقل البيانات ثابتة الطول | 101005s1972 xxu||||| |||| 00| 0 ara d |
| 082 ## - رقم تصنيف ديوى العشرى | |
| رقم التصنيف | 297.12203 |
| 110 ## - المدخل الرئيسى - إسم هيئة | |
| اسم الهيئة أو اسم السلطة كمدخل | Mogama Al Logha Al Arabeya |
| 9 (RLIN) | 20071 |
| 245 ## - بيان العنوان | |
| العنوان | معجم ألفاظ القرآن الكريم : ( vol. 1) |
| بيان المسئوليه,etc | Mogama Al Logha Al Arabeya |
| رقم الجزء/قسم العمل | 1 |
| 260 ## - PUBLICATION, DISTRIBUTION, ETC. (IMPRINT) | |
| مكان الناشر او الموزع | القاهرة : |
| اسم الناشر او الموزع | الهيئة المصرية العامة للكتاب ، |
| تاريخ النشر أو التوزيع | 1972. |
| 300 3# - الوصف المادى | |
| أبعاد الوعاء | 30 سم. |
| التعداد | 392 ص ؛ |
| 490 ## - بيان السلسلة | |
| -- | 20070 |
| عنوان السلسلة | التراث للجميع |
| -- | 5 |
| 500 ## - تبصرة عامة | |
| تبصرة عامة | Donations |
| 500 ## - تبصرة عامة | |
| تبصرة عامة | Donations - Bibliotheca Alexandrina |
| 511 ## - | |
| -- | Catalogued by: Sara |
| 650 ## - المدخل الاضافى بالموضوع-مصطلح موضوعى | |
| مصطلح موضوعي أو اسم جغرافي كعنصر مدخل | القرآن |
| 9 (RLIN) | 8721 |
| التقسيم الفرعي الشكلي | معاجم |
| 650 ## - المدخل الاضافى بالموضوع-مصطلح موضوعى | |
| مصطلح موضوعي أو اسم جغرافي كعنصر مدخل | القرآن |
| 9 (RLIN) | 14883 |
| التقسيم الفرعي العام | ألفاظ |
| 942 ## - عناصر المدخل الإضافي( كوها) | |
| Koha [default] item type | Book - Borrowing |
| سابقة رقم الطلب | 297.12203 |
| مصدر التصنيف او مخطط الترفيف | Dewey Decimal Classification |
| حالة التراجع | حالة الفقد | مصدر التصنيف او خطة الترفيف | حالة تلف | ليس للاعارة | المكان الدائم | المكان الحالي | موقع الترفيف | تاريخ الاكتساب | Source of acquisition | رقم الاستدعاء | الباركود | Date last seen | نوع الوعاء |
|---|---|---|---|---|---|---|---|---|---|---|---|---|---|
| Dewey Decimal Classification | Central Library | Central Library | Lower Floor | 28/11/2007 | Purchase | 297.12203 MOG | 000008105 | 01/07/2011 | Book - Borrowing |